The Secret / (Record no. 356570)
[ view plain ]
| 000 -LEADER | |
|---|---|
| fixed length control field | 00616nam a2200241Ia 4500 |
| 008 - FIXED-LENGTH DATA ELEMENTS--GENERAL INFORMATION | |
| fixed length control field | 180523s9999 xx 000 0 und d |
| 020 ## - INTERNATIONAL STANDARD BOOK NUMBER | |
| International Standard Book Number | 978-158270-170-7 |
| 050 ## - LIBRARY OF CONGRESS CALL NUMBER | |
| Classification number | MAIN BF 639 |
| 050 ## - LIBRARY OF CONGRESS CALL NUMBER | |
| Item number | .B97 2006 |
| 100 ## - MAIN ENTRY--PERSONAL NAME | |
| Personal name | Byrne, Rhonda. |
| 245 #4 - TITLE STATEMENT | |
| Title | The Secret / |
| 245 #0 - TITLE STATEMENT | |
| Statement of responsibility, etc | Rhonda Byrne. |
| 260 ## - PUBLICATION, DISTRIBUTION, ETC. (IMPRINT) | |
| Place of publication, distribution, etc | New York : |
| 260 ## - PUBLICATION, DISTRIBUTION, ETC. (IMPRINT) | |
| Name of publisher, distributor, etc | Atria books, |
| 260 ## - PUBLICATION, DISTRIBUTION, ETC. (IMPRINT) | |
| Date of publication, distribution, etc | 2006 |
| 300 ## - PHYSICAL DESCRIPTION | |
| Extent | 198 pages : |
| 300 ## - PHYSICAL DESCRIPTION | |
| Other physical details | illustrations (some colored) ; |
| 300 ## - PHYSICAL DESCRIPTION | |
| Dimensions | 18 cm. |
| 650 ## - SUBJECT ADDED ENTRY--TOPICAL TERM | |
| Topical term or geographic name as entry element | New thought. |
| 650 ## - SUBJECT ADDED ENTRY--TOPICAL TERM | |
| Topical term or geographic name as entry element | Self-actualization (Psychology) |
| 650 ## - SUBJECT ADDED ENTRY--TOPICAL TERM | |
| General subdivision | Happiness. |
| 650 ## - SUBJECT ADDED ENTRY--TOPICAL TERM | |
| General subdivision | Success -- Psychological aspects. |
No items available.